000 00679cam a2200253 4500500
005 20260405003555.0
041 _afre
042 _adc
100 1 0 _aSorente, Isabelle
_eauthor
245 0 0 _aParce que c’était elle…
260 _c2022.
500 _a7
690 _aAmi
690 _aAmitié
690 _aAttirance
690 _aIsabelle Sorente
690 _aLiens
690 _aPhilia
690 _aSéduction
690 _aSilence
690 _aZen
786 0 _nPhilosophie magazine | 163 | 10 | 2022-10-01 | p. 23-23 | 1951-1787
856 4 1 _uhttps://shs.cairn.info/magazine-philosophie-magazine-2022-10-page-23?lang=fr&redirect-ssocas=7080
999 _c2068881
_d2068881